• 首页
  • 本馆介绍
  • 公告通知
  • 最新文献
  • 馆藏检索
  • 电子资源
  • 读者导购
  • 参考咨询
  • 我的图书馆
  • 登录
  • 详细信息显示
  • 放入我的书架
  • 预约/预借图书
  • 作者相关作品
  • 分类相关作品
  • 丛书相关作品
  • 出版社相关作品

书目信息

  • 表格格式
  • 工作单格式
  • 卡片格式
题名:
现代体育场馆资源开发与经营管理实践
    
 
作者: 胡明文 著
分册:  
出版信息: 北京   中国商业出版社  2020
页数: 178页
开本: 24cm
丛书名:
单 册:
中图分类: G818
科图分类:
主题词: 体育场--资源开发--研究 , 体育馆--资源开发--研究 , 体育场--经营管理--研究 , 体育馆--经营管理--研究
电子资源:
ISBN: 978-7-5208-1370-9
000 01204nam0 2200253 450
001 2238736330
005 20221019104552.72
010    @a978-7-5208-1370-9@dCNY56.00
100    @a20210715d2020 em y0chiy50 ea
101 0  @achi
102    @aCN@b110000
105    @ay z 000yy
200 1  @a现代体育场馆资源开发与经营管理实践@9xian dai ti yu chang guan zi yuan kai fa yu jing ying guan li shi jian@f胡明文著
210    @a北京@c中国商业出版社@d2020
215    @a178页@d24cm
330    @a本书共八章。第一章对体育场馆的基本知识、经营管理以及体育场馆经营与体育场馆管理等相关概念进行了解析;第二章对体育场馆资源开发的现状与制约因素进行了分析;第三章对体育场馆资源的规划、开发和利用进行了阐述;第四章对体育场馆经营管理的理论基础进行了研究;第五章和第六章分别对体育场馆的科学化经营与管理进行了探索;第七章对高校体育场馆经营管理的特点、现状与发展对策进行了探索;第八章对体育场馆经营管理的创新发展可持续发展以及创新实证进行了分析和研究。
606 0  @a体育场@x资源开发@x研究
606 0  @a体育馆@x资源开发@x研究
606 0  @a体育场@x经营管理@x研究
606 0  @a体育馆@x经营管理@x研究
690    @aG818@v5
701  0 @a胡明文@9hu ming wen@4著
801  0 @aCN@b91MARC@c20210813
905    @aZUCC@dG818@e67
    
    现代体育场馆资源开发与经营管理实践/胡明文著.-北京:中国商业出版社,2020
    178页;24cm
    
    
    ISBN 978-7-5208-1370-9:CNY56.00
    本书共八章。第一章对体育场馆的基本知识、经营管理以及体育场馆经营与体育场馆管理等相关概念进行了解析;第二章对体育场馆资源开发的现状与制约因素进行了分析;第三章对体育场馆资源的规划、开发和利用进行了阐述;第四章对体育场馆经营管理的理论基础进行了研究;第五章和第六章分别对体育场馆的科学化经营与管理进行了探索;第七章对高校体育场馆经营管理的特点、现状与发展对策进行了探索;第八章对体育场馆经营管理的创新发展可持续发展以及创新实证进行了分析和研究。
●
相关链接 在五车中查询图书 在当当中查询图书 在豆瓣中查询图书


正题名:现代体育场馆资源开发与经营管理实践     索取号:G818/67         预约/预借

序号 登录号 条形码 馆藏地/架位号 状态 备注
1 2000914684   2000914684   第三书库/ [索取号:G818/67] 在馆    
2 2000914685   2000914685   第三书库/ [索取号:G818/67] 在馆    
3 2000914686   2000914686   第三书库/ [索取号:G818/67] 在馆    
山东省滨州职业学院图书馆 欢迎您!
大连网信软件有限公司© 版权所有